000 00580nam a2200217Ia 4500
003 OSt
005 20220923230929.0
006 a|||||r|||| 00| 0
007 ta
008 Pun
024 _a306,556
037 _cTextual
040 _aARTS
_cARTS
_bPun
041 _2Pun
_aPun
082 _aY1:351.236, 153K5
100 _aਬੇਦੀ, ਮੋਹਿੰਦਰ ਸਿੰਘ
245 0 _aਇਕ ਘੁਟ ਰਸ ਦਾ
260 _c1965
942 _hY1:351.236, 153K5
_cTEXL
_2CC
999 _c388328
_d388328